NFL Football Teams Quiz - Statistics

General Stats
  • This quiz has been taken 34 times
  • The average score is 26 of 32
Answer Stats
Team % Correct
Kansas City Chiefs
92%
New York Giants
92%
New York Jets
92%
Cincinnati Bengals
88%
Cleveland Browns
88%
Green Bay Packers
88%
Minnesota Vikings
88%
Philadelphia Eagles
88%
Washington Commanders
88%
Baltimore Ravens
83%
Carolina Panthers
83%
Chicago Bears
83%
Las Vegas Raiders
83%
San Francisco 49ers
83%
Tampa Bay Buccaneers
83%
Dallas Cowboys
79%
Denver Broncos
79%
Los Angeles Chargers
79%
Los Angeles Rams
79%
Miami Dolphins
79%
New England Patriots
79%
Seattle Seahawks
79%
Buffalo Bills
75%
Detroit Lions
75%
Houston Texans
75%
Jacksonville Jaguars
75%
New Orleans Saints
75%
Pittsburgh Steelers
75%
Atlanta Falcons
71%
Arizona Cardinals
67%
Indianapolis Colts
67%
Tennessee Titans
67%
No matching quizzes found
Score Distribution
Percent of People with Each Score
Percentile by Number Answered
Your Score History
You have not taken this quiz